<?xml version="1.0" encoding="UTF-8"?><?xml-stylesheet type="text/xsl" href="static/style.xsl"?><OAI-PMH xmlns="http://www.openarchives.org/OAI/2.0/" xmlns:xsi="http://www.w3.org/2001/XMLSchema-instance" xsi:schemaLocation="http://www.openarchives.org/OAI/2.0/ http://www.openarchives.org/OAI/2.0/OAI-PMH.xsd"><responseDate>2026-04-14T04:46:23Z</responseDate><request verb="GetRecord" identifier="oai:www.recercat.cat:10230/23600" metadataPrefix="marc">https://recercat.cat/oai/request</request><GetRecord><record><header><identifier>oai:recercat.cat:10230/23600</identifier><datestamp>2025-12-19T23:00:02Z</datestamp><setSpec>com_2072_6</setSpec><setSpec>col_2072_452952</setSpec></header><metadata><record xmlns="http://www.loc.gov/MARC21/slim" xmlns:dcterms="http://purl.org/dc/terms/" xmlns:xsi="http://www.w3.org/2001/XMLSchema-instance" xmlns:doc="http://www.lyncode.com/xoai" xsi:schemaLocation="http://www.loc.gov/MARC21/slim http://www.loc.gov/standards/marcxml/schema/MARC21slim.xsd">
   <leader>00925njm 22002777a 4500</leader>
   <datafield ind2=" " ind1=" " tag="042">
      <subfield code="a">dc</subfield>
   </datafield>
   <datafield ind2=" " ind1=" " tag="720">
      <subfield code="a">Aliagas, Cristina</subfield>
      <subfield code="e">author</subfield>
   </datafield>
   <datafield ind2=" " ind1=" " tag="720">
      <subfield code="a">Dragona, Aliki</subfield>
      <subfield code="e">author</subfield>
   </datafield>
   <datafield ind2=" " ind1=" " tag="260">
      <subfield code="c">2015-05-21T09:19:19Z</subfield>
   </datafield>
   <datafield ind2=" " ind1=" " tag="260">
      <subfield code="c">2015-05-21T09:19:19Z</subfield>
   </datafield>
   <datafield ind2=" " ind1=" " tag="260">
      <subfield code="c">2009</subfield>
   </datafield>
   <datafield ind2=" " ind1=" " tag="520">
      <subfield code="a">El Café Científico constituye una alternativa de divulgación social de la ciencia que se está/nconsolidando a escala mundial. Al ser una modalidad de divulgación de la ciencia de reciente/naparición, constituye un género discursivo poco estudiado desde un punto de vista discursivo/n(Dallas 1999; Massari 2003; Arbeláez 2005). En vista de esto, en este trabajo presentamos un/nestudio de caso etnográfico sobre un Café Científico celebrado en Barcelona en el marco del/nprograma de El año de la ciencia (2007). Los resultados muestran tres elementos clave que/ncondicionan el éxito o fracaso de la comunicación que se genera en un Café Científico entre/nexpertos y no-expertos: a) la figura reguladora del moderador, b) la construcción de una atmósfera/npsicosocial de proximidad y c) las estrategias empleadas para lograr la participación del público no/nespecializado.</subfield>
   </datafield>
   <datafield tag="653" ind2=" " ind1=" ">
      <subfield code="a">Competència comunicativa</subfield>
   </datafield>
   <datafield tag="653" ind2=" " ind1=" ">
      <subfield code="a">Llenguatge i llengües -- Ensenyament</subfield>
   </datafield>
   <datafield ind2="0" ind1="0" tag="245">
      <subfield code="a">La práctica divulgativa en un Café Científico: un estudio de caso etnográfico en Barcelona</subfield>
   </datafield>
</record></metadata></record></GetRecord></OAI-PMH>